000 01036nam0a22002411 4500
001 rc\3712726
005 20260407014329.0
021 _aRU
_bРг4663-70
035 _a(NLR Aleph) 007769432
090 _a7452487
_c7452487
100 _a20130115d1969 |||y0rusy50 ca
101 0 _arus
102 _aRU
105 _ay c |||||
200 1 _aУказатель технических условий
_e(По состоянию на 1 июля 1969 г.)
_fМЦМ СССР. Союзное произв. ордена Трудового Красного Знамени объединение "Северовостокзолото". Центр. конструкторское бюро. Отд. техн. информации
210 _aМагадан
_cБ. и.
_d1969
215 _a40 с.
_d20
710 0 2 _a"Северовостокзолото", объединение
_cМагадан
_3RU\NLR\AUTH\8810002638
_9502501
801 0 _aRU
_bNLR
_gpsbo
801 1 _aRU
_bELAR
_2rusmarc
852 _aNLR
_jПт 10.1/511
942 _cBOOK
980 _aNB